Linie lotnicze latające do portu lotniczego Poznań-Ławica - Statystyki

Ogólne statystyki
  • Ten quiz został rozwiązany 56 razy
  • Średni wynik to 5 z 12
Statystyki odpowiedzi
Linia Lotnicza % Poprawnych
LOT
100%
Ryanair
90%
Wizz Air
88%
Lufthansa
74%
Enter Air
52%
KLM
45%
Scandinavian Airlines
31%
Fly Dubai
24%
Smartwings
17%
Buzz Air
14%
European Air Charter
2%
Pegasus Airliines
2%
Nie znaleziono quizów pasujących do podanych kryteriów
Rozkład punktacji
Procent ludzi z każdym wynikiem
Percentyl według liczby udzielonych odpowiedzi
Twoja historia wyników
Nie rozwiązałeś tego quizu